Mastering Blockchain (Record no. 12207)

MARC details
000 -LEADER
fixed length control field 00335nam a22001457a 4500
003 - CONTROL NUMBER IDENTIFIER
control field OSt
008 - FIXED-LENGTH DATA ELEMENTS--GENERAL INFORMATION
fixed length control field 240130b |||||||| |||| 00| 0 eng d
020 ## - INTERNATIONAL STANDARD BOOK NUMBER
International Standard Book Number 9781603241067
082 ## - DEWEY DECIMAL CLASSIFICATION NUMBER
Classification number 004 BAM
100 ## - MAIN ENTRY--PERSONAL NAME
Personal name BASHIR,Imran
245 ## - TITLE STATEMENT
Title Mastering Blockchain
260 ## - PUBLICATION, DISTRIBUTION, ETC. (IMPRINT)
Place of publication, distribution, etc UK
Name of publisher, distributor, etc Packt Publishing Ltd
Date of publication, distribution, etc 2020
300 ## - PHYSICAL DESCRIPTION
Extent 783
942 ## - ADDED ENTRY ELEMENTS (KOHA)
Source of classification or shelving scheme Dewey Decimal Classification
Koha item type Text Books
Holdings
Withdrawn status Lost status Source of classification or shelving scheme Damaged status Not for loan Collection code Home library Current library Date acquired Source of acquisition Currency Cost, normal purchase price Bill Number Total Checkouts Full call number Acc. no. / Barcode Date last seen Actual Cost, discounted price Bill Date Koha item type Date last borrowed
    Dewey Decimal Classification     BCA PIET C-LIBRARY PIET C-LIBRARY 20/01/2024 Zafaa Books and Distributors In rupees 3699.00 ZBD0339   004 BAM BC2151 30/01/2024 2774.25 20/01/2024 Reference Books  
    Dewey Decimal Classification     BCA PIET C-LIBRARY PIET C-LIBRARY 20/01/2024 Zafaa Books and Distributors In rupees 3699.00 ZBD0339 7 004 BAM BC2152 02/04/2025 2774.25 20/01/2024 Text Books 19/03/2025

Design & Developed by: PIET Central Library
R70 Miles Stone Pattikalyana Samalkha Panipat 132102
mail ID :- [email protected], Phone No:- 0180-2569700 Ex.216